électricité classe de terminale f1 /

Đã lưu trong:
Sonraí Bibleagrafaíochta
Príomhúdar: Bellier M.
Údair Eile: Galichon A.
Formáid: Leabhar
Teanga:Vietnamese
Foilsithe: Paris : Delagrave , 1969
Eagrán:In lần thứ 1
Ábhair:
Clibeanna: Cuir Clib Leis
Gan Chlibeanna, Bí ar an gcéad duine leis an taifead seo a chlibeáil!
Thư viện lưu trữ: Thư viện Trường CĐ Kỹ Thuật Cao Thắng
LEADER 00616nam a2200205 a 4500
001 TVCDKTCT449
003 Thư viện trường Cao đẳng Kỹ thuật Cao Thắng
005 20050802000000
008 050802
980 \ \ |a Thư viện Trường CĐ Kỹ Thuật Cao Thắng 
024 |a RG_1 #1 eb0 i1 
041 0 # |a vie 
082 # # |a 621.3 /   |b B250L-e 
100 1 # |a Bellier M. 
245 0 0 |a électricité classe de terminale f1 /  |c Bellier M., Galichon A. 
250 # # |a In lần thứ 1 
260 # # |a Paris :  |b Delagrave ,  |c 1969 
300 # # |a 359tr. ;  |c 21cm 
650 # 4 |a Điện 
700 0 # |a Galichon A.